[Event "BRA-ch 84th"]
[Site "Rio de Janeiro"]
[Date "2018.02.11"]
[Round "3.2"]
[White "Mekhitarian, Krikor Sevag"]
[Black "Mecking, Henrique"]
[Result "1-0"]
[WhiteElo "2533"]
[BlackElo "2597"]
[Annotator "Mekhitarian,K"]
[PlyCount "111"]
[EventDate "2018.02.06"]
[EventType "k.o."]
[EventRounds "4"]
[EventCountry "BRA"]
[SourceTitle "CBM 183"]
[Source "ChessBase"]
[SourceDate "2018.03.14"]
[SourceVersion "1"]
[SourceVersionDate "2018.03.14"]
[SourceQuality "1"]

1. Nf3 Nf6 2. g3 g6 3. b3 $5 {Lately I have started to realise that this is an
interesting move, fighting against the g7-bishop.} Bg7 4. Bb2 b6 $5 {One of
the many possible developing alternatives for Black, doing the same bishop
thing (opposing its g2-counterpart).} 5. Bg2 Bb7 6. O-O c5 7. c4 O-O 8. d4 {
I think this is a good try to obtain an interesting position.} (8. Nc3 {
leads nowhere as Black is able to equalise instantly:} d5 $1 9. Nxd5 Nxd5 10.
Bxg7 Kxg7 11. cxd5 Qxd5 12. d4 {now both ...cxd4 and ...Na6 are fine for Black:
} Na6 $1 (12... cxd4 13. Qxd4+ Qxd4 14. Nxd4 Bxg2 15. Kxg2 {White has a
microscopic initiative, that shouldn't last long} Rc8 (15... Nd7 16. Rfd1 Nf6
17. Rac1 Rac8 18. Nb5 Rxc1 19. Rxc1 Rd8 $1 $11 {0-1 (38) Wen,Y (2617)
-Tabatabaei,M (2509) Bandar e Anzali 2017. with enough counterplay on d2 if
White takes on a7. Otherwise, ...Rd7 is played and Black has no problems}) 16.
Rac1) 13. Nh4 Qd7 14. dxc5 Qxd1 15. Rfxd1 Bxg2 16. Nxg2 Nxc5 $11 {1/2-1/2 (29)
Malakhov,V (2722)-Ivanchuk,V (2729) Danzhou 2017}) 8... cxd4 9. Qxd4 Nc6 (9...
d6 {would be the standard reaction, placing the b8-knight on d7 and keeping
the b7-bishop open in the diagonal} 10. Nc3 Nbd7 {I believe White maintains a
pleasant space advantage here, and has somewhat better chances} 11. Qd2 a6 12.
Nd4 Bxg2 13. Kxg2 Qc7 14. f3 e6 15. e4 Rfe8 16. Rad1 $14 {1-0 (57) Moussard,J 
(2573)-Sundararajan,K (2422) Karlsruhe 2017}) 10. Qf4 $1 {I like this move,
the queen is apparently exposed, but moves like ...Nh5 simply don't make any
sense. I was slightly worried about d5, but that would require some nerves
from my opponent, allowing Rd1.} (10. Qd2 $6 {This would be the standard move,
but Black solves his problems by playing actively:} d5 $1 (10... Ne4 $6 {
leads nowhere, as the bishop exchange favours White, meanwhile keeping the
hedgehog structure} 11. Qc1 Bxb2 12. Qxb2 $14) 11. cxd5 Qxd5 12. Nd4 {for a
second I thought this could be good, but Black is just fine with either ...Ne4
or ...Qd7} Ne4 $1 (12... Qd7 $5 $11) 13. Nxc6 Qxc6 14. Bxg7 Kxg7 15. Qb2+ f6
16. Nd2 Qe6 $11 {and Black is even slightly more active.}) 10... Qb8 (10... d5
11. Rd1 Qb8 $5 (11... e5 $6 12. Qc1 $14 {and Black may have problems with
those central pawns}) (11... d4 {I thought about this too, but it also looked
weird for Black} 12. Qc1 $1 (12. Nxd4 $4 e5 $1 $17)) 12. cxd5 Qxf4 13. gxf4
Rfd8 $5 (13... Nb4 14. d6 $1 exd6 15. Na3 d5 16. Nb5 $14 {0-1 (43) Berkes,F 
(2614)-Sokolov,A (2583) Aghia Pelagia 2004}) 14. d6 Ne4 15. Bxg7 Kxg7 $132) 11.
Qd2 {Keeping the queens is important in this structure, we'll see why later.}
Ne4 12. Qc1 Ne5 $6 {My opponent plays very creatively - he wants to exchange
all the minor pieces, but I started to feel really good now, since I knew that
in this pawn structure, keeping all the major pieces would benefit me later on.
} 13. Nc3 $1 Nxc3 (13... Nxf3+ 14. Bxf3 Qe5 {was playable, but again slightly
better for me:} 15. Na4 Qe6 16. Bxg7 Kxg7 17. Nc3 $14) 14. Bxc3 Nxf3+ 15. Bxf3
Bxf3 $6 {From now on, Black's position becomes difficult - I will have both
central files to place my rooks, and a strong initiative will develop quickly.}
16. exf3 {I was very happy to double these pawns - apart from what I've
mentioned already (the central files), there are two additional reasons for
that: my king is even more safe now in queen endgames (on g2 it won't receive
a single check), and also I have the plan to play f4 followed by f5 trying to
destroy my opponent's kingside defences. Normally, in order to play f4-f5, I'd
have to weaken my own king as well, which is not the case, since I am using my
e2-pawn for that :-D} Bxc3 17. Qxc3 Qb7 18. Rfe1 d6 19. Rad1 Rad8 {I feel that
he should create some counterplay on the c-file, even though it is not simple
how to do so.} 20. h4 $1 {The threat of playing h5 is very annoying, Black has
to react by weakening his king a little bit.} h5 21. Rd4 Kh7 22. Qd3 (22. f4 $5
{I had this option at my disposal, but I didn't want to push it too early, I
was happier simply improving my pieces and creating trouble for my opponent.})
22... Qd7 23. Kg2 (23. a4 $5 {I kept an eye on this move as well, trying to
play a5 possibly, and if he plays ...a5 himself, then I may have a target on
b6 placing my queen on d4 or e3.}) 23... Rde8 $6 (23... Rfe8 {looked more
logical. Black remains passive, but I'll have to push something to play for a
win.}) 24. Rd5 {Attacking on h5.} f5 {I was kind of expecting this move sooner
or later, it is hard to be simply waiting in such passive positions. Black
gets some space, but considerably weakens his position.} 25. Qe3 (25. b4 $1 {
I forgot about this idea, Black has a hard time avoiding c5 now.} Rc8 26. c5
bxc5 27. bxc5 Rfd8 28. cxd6 exd6 29. Re3 $16 {preparing Qe2, and Black will
have a hard time defending this.}) 25... e6 26. Rd3 d5 27. Qe5 (27. cxd5 $6
exd5 28. Qd2 Rxe1 29. Qxe1 d4 $11 {and Black is doing fine.}) (27. Qd2 Rd8 28.
Rd1 Rf7 29. cxd5 exd5 30. Rxd5 Qxd5 31. Qxd5 Rxd5 32. Rxd5) 27... Qf7 28. Rc1 (
28. Red1 dxc4 29. Rd7 Re7 30. Qc7 Rfe8 31. bxc4 $16 Kh6) 28... dxc4 (28... Rc8
29. Rcd1 {was my idea, but the computer gives the spectacular 29.cxd5!} (29.
cxd5 $1 Rxc1 30. dxe6 Qf6 31. e7 Qxe5 32. exf8=Q $18 {should be simply winning
for White})) 29. Rxc4 Re7 30. f4 Qg7 31. Rd6 $1 Qxe5 32. fxe5 Kh6 33. f4 Kg7
34. Rcc6 Kf7 {Now we reach an endgame where Black is completely passive, but
White has yet to show a winning method. The first step is to activate the king.
} 35. Kf2 Rb8 36. Ke3 Rbe8 37. Kd4 Rb8 38. Kc4 Rbe8 39. Kb5 Rb8 40. Ka6 Ra8 41.
b4 (41. Rd4 {at first I thought exchanging a pair of rooks with this move was
a simple way to win the game - it turns out I can't force that exchange.} Ke8
42. Rdc4 Kd8 $1 {controlling both c7 and c8. It is clear that Black is super
passive, and still lost, but he can still play ...Rb8 and ...Ra8 (only moves,
in fact)} 43. a4 Rb8 44. b4 Ra8 45. b5 Rb8 {there was a nice hidden trick in
here that I missed:} 46. Rc3 {waiting for Black to move his rook to a8} Ra8 47.
Rxe6 $3 Rxe6 48. Kb7 $18 {[%csl Ra8] and the rook is lost, as well as the
whole endgame.}) 41... Rb8 42. a4 Ra8 43. Rd4 Ke8 44. Rdd6 (44. Rdc4 {would
force the same position we saw on the 41st move analysis, but I saw a
different way to penetrate into Black's forces.}) 44... Kf7 45. a5 bxa5 46.
bxa5 Rb8 47. Rc3 Ke8 (47... Rb1 {was perhaps the best practical chance} 48.
Rdc6 {forcing the exchange on c7. Black tries to go after the g3-pawn, but
he's too late:} Rg1 49. Rc7 Rxc7 50. Rxc7+ Ke8 51. Rc3 Ra1 52. Rc5 {placing
the rook on a better square to support the a5-pawn} Ra3 53. Kxa7 Rxg3 54. Kb6
$1 $18 {followed by a6, and the white rook is able to defend the checks on the
5th rank.}) 48. Rdc6 Kd8 49. R3c5 $1 {This was my idea, now I am able to force
the exchange of the rooks on the next move:} Ra8 (49... Rb3 $2 {is not
possible anymore:} 50. Rc8+ Kd7 51. R5c7#) 50. Rb5 {Threatening Rb7.} Rc8 51.
Rxc8+ Kxc8 52. Rc5+ Kd8 (52... Rc7 {is a simple win:} 53. Rxc7+ Kxc7 54. Kxa7
Kc8 55. Kb6 $18 {running towards the e6-pawn} (55. a6 $4 Kc7 $1 $11 {and White
can't leave the a7/a8 squares})) (52... Kb8 {defends a7, but leaves the
e6-pawn unprotected} 53. Rc6 Re8 54. Kb5 Kb7 55. a6+ Kb8 56. Kc5 $18 {and
White wins with Kd6-Kd7 next}) 53. Rc6 $1 {Another nice zugzwang, Black has to
allow the rook invasion on c8.} Ke8 (53... Re8 54. Kxa7 $18) (53... Kd7 54. Kb7
$18) 54. Rc8+ Kf7 55. Ra8 Rd7 56. Rxa7 {And Black resigned in view of the
hopeless pawn endgame to come.} 1-0

[Event "Antwerp op"]
[Site "Antwerp"]
[Date "1996.??.??"]
[Round "2"]
[White "Vaganian, Rafael A"]
[Black "Giddins, Stephen"]
[Result "0-1"]
[WhiteElo "2595"]
[BlackElo "2345"]
[Annotator "Meulders,R"]
[PlyCount "76"]
[EventDate "1996.07.??"]
[EventType "swiss"]
[EventRounds "9"]
[EventCountry "BEL"]
[SourceTitle "EXT 1997"]
[Source "ChessBase"]
[SourceDate "1996.11.15"]
[SourceVersion "1"]
[SourceVersionDate "1996.11.15"]
[SourceQuality "1"]

1. Nf3 Nf6 2. c4 e6 3. Nc3 c5 4. g3 b6 5. Bg2 Bb7 6. O-O a6 7. Re1 Be7 8. e4 d6
9. d4 cxd4 10. Nxd4 Qc7 11. Be3 $5 O-O $1 {Wegen 12.Tc1 mit drohendem
Springerabzug, war 11...Dxc4 zu riskant.} 12. Rc1 Re8 13. f4 Bf8 14. g4 g6 15.
g5 Nfd7 16. b3 Bg7 17. Nde2 Nc6 18. Qd2 Nc5 19. Red1 Rad8 20. Ng3 Qb8 21. Rb1
Ba8 22. b4 Nd7 23. a3 {Der Igel ist ein stachliches Tierchen, das sich im
Schachspiel besonders auf die Stacheln b5 und d5 verlaesst. Die Schwierigkeit
fuer Weiss besteht darin dass er seine Stellung nur bis einem gewissen Punkt
verstaerken kann. Nach diesem Punkt muss er sehr aufpassen sich nicht zu
vergallopieren aber auch nicht zu sehr zu zoegern, oder der Igel steckt die
Stacheln aus!} b5 $1 {Hier kommt Stachel Nummer eins.} 24. cxb5 axb5 25. Rbc1
Nb6 $1 26. Nxb5 d5 $1 {Und Nummer zwei} 27. e5 Nc4 28. Rxc4 $8 dxc4 29. Nd6
Nxe5 $1 30. Bxa8 c3 $1 {Ein unangenehmer Zwischenzug, der Weiss in Verwirrung
bringt.} 31. Qc2 $2 {Jetzt stehen zu viele Figuren im Weissen Lager ungedeckt.
Am staerksten war warscheinlich daher 31.Dc1!?} (31. Qe2 Rxd6 32. Rxd6 Qxd6 33.
fxe5 Bxe5 34. Bg2 Bxg3 35. hxg3 Rc8 36. Kf2 c2 37. Bc1 Rc3 $19) (31. Qc1 $5
Rxd6 32. Rxd6 Qxd6 33. fxe5 Bxe5 34. Bg2 Bxg3 35. hxg3 Rc8 36. Kf2 c2 37. Be4
Rc3 38. Bxc2 Qc7 39. Bc5 Qxg3+ 40. Ke2 Qf3+ 41. Ke1 Rxa3 42. Qd2 Ra1+ 43. Bd1
Qh1+ 44. Ke2 Qh5+ 45. Ke1 Qh1+ (45... Qf3 $4 46. Qd8+ Kg7 47. Qf8#) 46. Ke2
Qh5+ $10) 31... Rxd6 32. Rxd6 Nc4 $1 33. Ra6 Nxe3 34. Qe4 c2 $1 {Der Todesstoss
} 35. Ne2 (35. Qxe3 Bd4 $1 36. Qxd4 c1=Q+ $19) 35... Qb5 $1 36. Qxe3 Qxa6 37.
Bf3 (37. Be4 $2 Qxe2 $1 38. Qxe2 c1=Q+) 37... Rd8 38. Kg2 Bb2 0-1

[Event "Bundesliga 0304"]
[Site "Germany"]
[Date "2004.02.14"]
[Round "8.2"]
[White "Gustafsson, Jan"]
[Black "Babula, Vlastimil"]
[Result "1/2-1/2"]
[WhiteElo "2571"]
[BlackElo "2567"]
[Annotator "Meyer,CD"]
[PlyCount "49"]
[EventDate "2003.11.01"]
[EventType "team-tourn"]
[EventRounds "15"]
[EventCountry "GER"]
[SourceTitle "CBM 100"]
[Source "ChessBase"]
[SourceDate "2004.06.01"]
[SourceVersion "1"]
[SourceVersionDate "2004.06.01"]
[SourceQuality "1"]
[WhiteTeam "Hamburger SK"]
[BlackTeam "Werder Bremen"]
[WhiteTeamCountry "GER"]
[BlackTeamCountry "GER"]

{ZÜNGLEIN AN DER WAAGE} 1. Nf3 Nf6 2. c4 b6 3. g3 c5 4. Bg2 Bb7 5. O-O g6 6.
Nc3 Bg7 7. d4 cxd4 8. Qxd4 O-O $6 ({Als genauer gilt} 8... d6 {(8...Nc6 9.Qf4
Rc8/0-0/Qb8+/=), z.B.:} 9. Be3 (9. Qh4 $6 h6 $1 {und die weiße Dame steht
etwas exponiert.}) 9... Nbd7 10. Rac1 Rc8 11. b3 O-O 12. Qh4 a6 13. Rfd1 Rc7 {
Luc Winants: 'Il s'agit de l'ancienne méthode, qui permet de conserver le Fg7.'
} 14. Ne1 (14. Bh3 Qb8 15. Bh6 (15. g4 $5) 15... b5 16. Nd5 Nxd5 17. cxd5 Nf6
18. Bxg7 Kxg7 19. e4 Bc8 20. Bxc8 Rfxc8 21. Rxc7 Qxc7 {M. Jirovsky - Z. Hracek,
Luhacovice CZE-ch 2003, remis/51}) 14... Qb8 $5 15. Bh6 Bxh6 (15... b5 $1) 16.
Qxh6 b5 $1 {Z. Rahman - K. Sasikiran, Doha 2003, 0:1/60}) 9. Qh4 $1 $14 d6 ({
Den Abtausch des Königsläufers zu verhindern, hat andere Nachteile: I} 9... h5
10. Bg5 d6 11. Rfd1 {Plan Nd5+/-, Hübner}) ({II} 9... Re8 10. Bh6 Bh8 11. Rfd1
d6 12. Rac1 Nbd7 13. Be3 Bg7 14. b3 Rc8 15. Bh3 $14 {Velikov - Beck,
Regensburg op 1996, 1:0/42}) 10. Bh6 Nbd7 11. Rfd1 Rc8 12. b3 a6 ({Nach} 12...
Rc5 13. Bxg7 Kxg7 14. Qd4 $14 {erhält Weiß durch den Tausch der
Fianchettoläufer nebst Rezentralisierung seiner Dame ein komfortables Plus.
Als nächstes Ziel strebt ein Schimmel zum Vorpostenfeld d5, z.B. 14...} Qa8 15.
Ne1 a6 (15... Bxg2 $5) 16. e4 Rcc8 17. Nc2 Nc5 18. Ne3 Rfd8 (18... Ncxe4 19.
Ncd5) 19. Ned5 e5 20. Qe3 Bxd5 21. Nxd5 Nxd5 22. Rxd5 Qb8 23. Rad1 Ne6 24. h4
h5 (24... Nd4 25. h5 $1) 25. Bh3 Rc5 26. Bxe6 fxe6 27. R5d3 $16 {E. Pigusov -
A. Ivanov, Moskau 2001, 1:0/40}) 13. Rac1 Bxh6 $2 {Läßt die Dame leichtsinnig
nach h6 herein, umsichtiger waren 13...Rc5 oder 13...Re8.} 14. Qxh6 b5 ({
Um die Dame wieder zu vertreiben, war} 14... Ng4 {schon nicht mehr
zufriedenstellend:} 15. Qh4 Ngf6 (15... h5 16. h3 Ngf6 17. Qf4 Kg7 18. e4 $16)
16. e4 {Plan Nd5!+/-}) 15. Ng5 $1 {[#] Der Auftakt zu einem Parforceritt. So
kann Weiß seine Dame auf h6 halten und droht nun mit weiterem Nachschub zum
Königsflügel.} Bxg2 16. Kxg2 bxc4 {(?) Auch Schwarz bleibt konsequent auf
seinem Kurs, da} (16... Re8 {nach} 17. cxb5 (17. Nd5 Nf8) 17... axb5 18. Nxb5
$16 {schlicht einen Bauern einbüßen würde. Tatsächlich jedoch wäre die Lage
danach gar nicht so klar gewesen. Jedenfalls hält Babula von Prophylaxe in
dieser Partie sowieso wenig.}) 17. Rd4 $1 {[#]} cxb3 $2 ({Die letzte
Gelegenheit bestand in} 17... Re8 18. Rh4 Nf8 19. Nd5 {und nun:} Nh5 $5 (19...
e5 $5 20. Rhxc4 Rxc4 21. Nxf6+ Qxf6 22. Rxc4 Qe7 (22... Qg7 23. Qxg7+ Kxg7 24.
Rc6 $16) 23. Nxh7 Qb7+ 24. f3 Nxh7 25. Rh4 Rc8 26. Qxh7+ Kf8 27. Qh6+ Ke7 28.
Qd2 $16) (19... e6 $2 20. Nxf7 $1 Kxf7 21. Nxf6 Qxf6 22. Rf4) 20. bxc4 {
(drohend 21.g4)} e6 (20... Qa5 $2 21. Rxh5 gxh5 22. Qxh5) 21. Rxh5 exd5 22.
Nxh7 Rxc4 23. Rxc4 dxc4 24. Rh4 Rxe2 $5 25. Nxf8 Qf6 26. Rf4 Qg7 27. Qxg7+ Kxg7
28. Kf3 (28. Nd7 c3 29. Rc4 Rb2 $1 30. Rxc3 Rb7) 28... Rxa2 (28... Re7 29. Nxg6
) 29. Nd7 $16) 18. Rh4 Re8 {[#]} ({Dies sollte eigentlich - wie auch die
folgenden Maßnahmen - klar zu spät kommen: I} 18... b2 19. Nxh7 Nh5 20. Ng5
Ndf6 21. Nd5 $18) ({II} 18... Rc5 19. Nxh7 Nh5 20. Nxf8 Qxf8 21. Qxf8+ Kxf8 22.
axb3 $18) 19. Nxh7 $2 ({Im alles entscheidenden Moment gehen Weiß die Nerven
durch! I Die Gewinnfortsetzung lautet} 19. Nd5 $1 {(auch Ne4!) zwecks
Eliminierung des Nf6, z.B.} Rxc1 (19... Rc5 20. Nxh7 Nh5 21. Rxc5 dxc5 (21...
b2 22. Nf4) 22. axb3 $1 {(drohend 23.Ng5 Nf8 24.e4)} e6 23. Nf4 Nxf4+ 24. Rxf4
{drohend Ng5+-}) (19... Nf8 20. Nxf6+ exf6 21. Nxh7 Nxh7 22. Qxh7+ Kf8 23. Re4
$1 Rxe4 24. Rxc8 Qxc8 25. Qh8+ Ke7 26. Qxc8 $18) 20. Nxf6+ Nxf6 21. Nxh7 Qa8+ (
{auch in den Varianten} 21... e5 22. Ng5 $18) ({oder} 21... Nh5 22. Ng5 $18 {
zeigt sich der Sinn von der Beseitigung eines Verteidigungsspringers}) 22. f3
Rg1+ (22... Nh5 23. Ng5 Rg1+ 24. Kxg1 Qa7+ 25. Kg2 e5 26. axb3 {analog dem Text
}) 23. Kxg1 Qa7+ 24. Kf1 Nh5 25. Ng5 e5 26. axb3 {drohend Nh7 und/oder g4 +-})
({II} 19. Nce4 $1 Qb6 {(nach 19...Nf8/Rxc1 folgt 20.Nxf6+ usw. wie vorher)} 20.
Nxf6+ Nxf6 21. Nxh7 Nh5 (21... Qb7+ 22. f3 Nh5 {ist Zugumstellung}) 22. Ng5
Qb7+ 23. f3 e6 24. Rxc8 Rxc8 25. axb3 $18 {drohend Rxh5, Nh7 etc.}) 19... Nh5 {
[#]} 20. Rxh5 $11 ({Während der Textzug das Spiel sofort ins Remis versanden
läßt, konnte Weiß noch einige Probleme stellen: I} 20. axb3 $5 {(Drohung 21.
Ng5 Nf8 22.g4 bzw. 21...Ndf6 22.Nd5)} Qa5 $1 {[] Vermutlich der einzige Zug} (
20... Qc7 $2 21. Ng5 Nf8 22. g4 Qb7+ 23. e4 f6 24. gxh5 fxg5 25. Qxg5 e6 26.
hxg6 $16) (20... e6 $2 21. Ng5 Nf8 (21... Qf6 22. Nce4 Qg7 23. Qxg7+ Kxg7 24.
Rxc8 Rxc8 25. Nxd6 $16) 22. g4 f6 (22... Rc5 23. Nce4 Rxc1 24. gxh5 $18) 23.
Rxh5 gxh5 (23... fxg5 24. Qh8+ Kf7 25. Rh3 {Plan Rf3+ etc.}) 24. Nce4 Rxc1 25.
Nxf6+ Qxf6 26. Qxf6 Rc7 27. gxh5 $16) 21. g4 (21. Ng5 Nf8 $8 22. Ra4 {und die
Verteidigung hält stand, z.B.} (22. g4 $2 Nf4+ 23. Kf1 Qe5) 22... Qb6 23. Nd5
Qb7 24. Rxc8 Rxc8 25. e4 e6 26. Rb4 Qa7 $13 {/=}) 21... Rxc3 22. gxh5 Rxc1 23.
hxg6 (23. Ng5 Rg1+ $1 {usw. ist Zugumstellung}) 23... Rg1+ $1 {[] Wieder der
einzige Zug: Durch einen kleinen Trick gelangt die Dame zur Verteidigung ihres
Königs gerade noch rechtzeitig nach g7.} 24. Kxg1 Qa1+ 25. Kg2 Qg7 $8 (25... f5
$4 26. Nf6+ Qxf6 27. Qh7+ Kf8 28. Qh8+) 26. Ng5 fxg6 27. Qxg7+ Kxg7 28. Ne6+
Kf7 $1 29. Nc7 Rb8 30. b4 Rb6 31. Rh7+ Kf8 32. Nd5 Rb5 $1 $11 {(} 33. Nf4 Ke8 {
)}) ({II} 20. Ng5 Nf8 (20... Ndf6 $4 21. Nd5 Qd7 22. Nxf6+ exf6 23. Qh7+ Kf8
24. Qh8+ Ke7 25. Re4+ Kd8 26. Rxe8+ Qxe8 27. Rxc8+ Kxc8 28. Qxe8+) 21. axb3 Qa5
{wie gehabt unter IC1}) ({III} 20. g4 b2 (20... e5 21. Ng5 (21. Rxh5 gxh5 22.
Nd5 Re6 23. Qxh5 Rxc1 24. Ng5 Nf8 25. Qxf7+ Kh8 26. Qh5+ Kg8 27. Qf7+ $11)) 21.
Rxh5 gxh5 22. Qg5+ $11) 20... gxh5 21. Qg5+ Kxh7 22. Qxh5+ Kg7 23. Qg5+ Kh7 24.
Qh5+ Kg7 25. Qg5+ {Diese dramatische Partie war das Zünglein an der Waage zum
3,5:4,5 zwischen dem HSK und Werder. Damit gelang es den Bremern in ihrem
zehnten Bundesligajahr zum ersten Mal, die Hamburger zu besiegen.} 1/2-1/2

[Event "Litomerice 1st"]
[Site "Litomerice"]
[Date "1986.08.28"]
[Round "4"]
[White "Moehring, Guenther"]
[Black "Gerogiannis, Christodoulos"]
[Result "1-0"]
[WhiteElo "2310"]
[BlackElo "2310"]
[Annotator "Moehring,G"]
[PlyCount "65"]
[EventDate "1986.08.26"]
[EventType "tourn"]
[EventRounds "11"]
[EventCountry "CSR"]
[EventCategory "3"]
[SourceTitle "EXT 2010"]
[Source "ChessBase"]
[SourceDate "2010.11.25"]
[SourceVersion "1"]
[SourceVersionDate "2010.11.25"]
[SourceQuality "1"]

1. Nf3 Nf6 2. c4 c5 3. g3 b6 4. Bg2 Bb7 5. O-O e6 6. Nc3 Be7 7. d4 cxd4 8. Qxd4
d6 9. Rd1 a6 10. b3 Nbd7 11. e4 O-O 12. Ba3 Nc5 13. e5 dxe5 14. Qxd8 Rfxd8 (
14... Raxd8 15. Nxe5 Bxg2 16. Kxg2 Rd6 17. Bxc5 bxc5 18. Na4 Rc8 19. Rxd6 Bxd6
20. f4 Bxe5 21. fxe5 Ng4 22. Re1 h5 23. h3 Nh6 24. Rd1 Nf5 25. Kf3 $16) 15.
Nxe5 Bxg2 16. Kxg2 Bf8 (16... Rdc8 17. Na4 Rab8 18. Bxc5 bxc5 (18... Bxc5 19.
Nxc5 Rxc5 20. f4 (20. Nd7 Nxd7 21. Rxd7 b5 22. cxb5 axb5 23. Rad1 g5 24. Ra7
Kg7 25. Rdd7 Rf5 26. g4 Rf4 27. f3 Rc8 28. Rd3 $11) 20... b5 21. Rd6 bxc4 22.
bxc4 {[%csl Ra6][%cal Ra1b1]} h5 23. Kf3 (23. Rxa6 Ng4 24. a4 Rb2+ 25. Kf3 Rb3+
26. Ke2 (26. Ke4 $2 Nxe5 $17) 26... Nxe5 27. fxe5 Rxe5+ 28. Kd2 Ree3 29. Ra2
$14 {/=}) 23... Ra5 24. Rad1 Rxa2 25. Rd8+ Rxd8 26. Rxd8+ Kh7 27. Nxf7 Rxh2 28.
Ng5+ Kg6 29. Nxe6 Ra2 30. c5 Ra3+ 31. Ke2 Ne4 32. c6 $14) 19. Rd3 Kf8 20. Rad1
{[%cal Yf2f4]} Ke8 21. f4 Rc7 22. g4 (22. h3 Rbb7) 22... Rbb7 23. Rh3 {[%cal
Rg4g5]} h6 24. g5 hxg5 (24... Ng8) 25. Rh8+ Bf8 26. fxg5 Nd7 27. Re1 Rc8 28.
Nd3 $16) 17. Bxc5 Bxc5 18. Na4 Bd4 19. Nc6 Bxa1 20. Nxd8 Kf8 21. Nxb6 Rb8 22.
c5 Bb2 23. b4 Bc3 24. a3 g5 25. Rd3 Bb2 26. a4 Kg7 27. Nc6 Rb7 28. b5 axb5 29.
a5 Nd5 30. Nxd5 exd5 31. a6 Rc7 32. a7 Rc8 33. Nb8 {1:57-1:34} 1-0

[Event "Gorzow Wielkopolski"]
[Site "Gorzow Wielkopolski"]
[Date "1987.05.27"]
[Round "5"]
[White "Zoltek, Tadeusz"]
[Black "Moehring, Guenther"]
[Result "0-1"]
[WhiteElo "2325"]
[BlackElo "2360"]
[Annotator "Moehring,G"]
[PlyCount "106"]
[EventDate "1987.05.23"]
[EventType "tourn"]
[EventRounds "13"]
[EventCountry "POL"]
[EventCategory "4"]
[SourceTitle "EXT 2015"]
[Source "ChessBase"]
[SourceDate "2014.11.20"]
[SourceVersion "1"]
[SourceVersionDate "2014.11.20"]
[SourceQuality "1"]

1. Nf3 Nf6 2. c4 b6 3. g3 c5 4. Bg2 Bb7 5. O-O g6 6. Nc3 Bg7 7. d3 d5 8. cxd5 (
8. Ne5 $1 $16) 8... Nxd5 9. Bd2 O-O 10. Rb1 Nc6 11. a3 Nd4 12. Nxd5 Nxf3+ 13.
Bxf3 Bxd5 14. Bxd5 {R} Qxd5 15. b4 c4 16. dxc4 Qxc4 17. b5 Rfd8 18. Qe1 Rd5 19.
Bb4 Rxb5 20. Rc1 Qe6 21. Rc7 Qh3 (21... a5 $1 22. Bxe7 Re8 $17) 22. f4 Rh5 23.
Rf2 e6 24. Qc1 Rd5 25. e4 Rdd8 26. e5 Bf8 27. Bxf8 Kxf8 28. Rd2 Qf5 29. Rd6 g5
30. Qd2 Rdc8 31. Rdd7 Rxc7 32. Rxc7 gxf4 33. gxf4 Qg4+ 34. Qg2 Qd1+ 35. Qf1
Qd4+ 36. Qf2 Rd8 37. Qxd4 Rxd4 38. f5 Rg4+ 39. Kh1 exf5 40. Rxa7 Rg6 41. Ra6
Ke7 42. a4 f4 43. a5 bxa5 44. Rxa5 Ke6 45. h3 f3 46. Ra2 Kxe5 47. Ra5+ Kf4 48.
Ra4+ Kg3 49. Kg1 Rb6 50. Rg4+ Kxh3 51. Rg7 Rg6+ 52. Kh1 f2 53. Rxh7+ Kg3 {
2:42-2:46} 0-1